<?xml version="1.0" encoding="UTF-8"?>
<record
    xmlns:xsi="http://www.w3.org/2001/XMLSchema-instance"
    xsi:schemaLocation="http://www.loc.gov/MARC21/slim http://www.loc.gov/standards/marcxml/schema/MARC21slim.xsd"
    xmlns="http://www.loc.gov/MARC21/slim">

  <leader>00556nam a22001577a 4500</leader>
  <controlfield tag="003">OSt</controlfield>
  <controlfield tag="005">20150906140332.0</controlfield>
  <controlfield tag="008">150906b        xxu||||| |||| 00| 0 eng d</controlfield>
  <datafield tag="040" ind1=" " ind2=" ">
    <subfield code="c">RUA</subfield>
  </datafield>
  <datafield tag="082" ind1=" " ind2=" ">
    <subfield code="a">AGR &#x179B;&#x17B8;&#x179C;&#x200B; 1990 B001 Or.1</subfield>
  </datafield>
  <datafield tag="100" ind1=" " ind2=" ">
    <subfield code="9">102</subfield>
    <subfield code="a">&#x179B;&#x17B8;&#x179C; &#x179B;&#x17B6;&#x1784;&#x17A0;&#x17CA;&#x17B8;</subfield>
  </datafield>
  <datafield tag="245" ind1=" " ind2=" ">
    <subfield code="a">&#x1794;&#x17D2;&#x179A;&#x179F;&#x17B7;&#x1791;&#x17D2;&#x1792;&#x1797;&#x17B6;&#x1796;&#x1793;&#x17C3;&#x1780;&#x17B6;&#x179A;&#x1794;&#x17D2;&#x179A;&#x17BE;&#x1794;&#x17D2;&#x179A;&#x17B6;&#x179F;&#x17CB;&#x1787;&#x17B8;&#x1793;&#x17B7;&#x1784;&#x200B;&#x1790;&#x17D2;&#x1793;&#x17B6;&#x17C6;&#x1796;&#x17BB;&#x179B;&#x1780;&#x17D2;&#x1793;&#x17BB;&#x1784;&#x1780;&#x17B6;&#x179A;&#x178A;&#x17B6;&#x17C6;&#x1790;&#x17D2;&#x1793;&#x17B6;&#x17C6;&#x1787;&#x1780;&#x17CB;</subfield>
  </datafield>
  <datafield tag="260" ind1=" " ind2=" ">
    <subfield code="a">Phnom Penh</subfield>
    <subfield code="b">RUA</subfield>
    <subfield code="c">1990</subfield>
  </datafield>
  <datafield tag="300" ind1=" " ind2=" ">
    <subfield code="a">96P.</subfield>
    <subfield code="b">ill.</subfield>
    <subfield code="c">29cm.</subfield>
  </datafield>
  <datafield tag="942" ind1=" " ind2=" ">
    <subfield code="2">ddc</subfield>
    <subfield code="c">AGR</subfield>
  </datafield>
  <datafield tag="999" ind1=" " ind2=" ">
    <subfield code="c">96</subfield>
    <subfield code="d">96</subfield>
  </datafield>
  <datafield tag="952" ind1=" " ind2=" ">
    <subfield code="0">0</subfield>
    <subfield code="1">0</subfield>
    <subfield code="2">ddc</subfield>
    <subfield code="4">0</subfield>
    <subfield code="6">AGR_&#x179B;&#x17B8;&#x179C;_1990_000000000000000_B001_OR_1</subfield>
    <subfield code="7">0</subfield>
    <subfield code="9">271</subfield>
    <subfield code="a">LBB</subfield>
    <subfield code="b">LBB</subfield>
    <subfield code="c">B001</subfield>
    <subfield code="d">2015-09-06</subfield>
    <subfield code="o">AGR &#x179B;&#x17B8;&#x179C;&#x200B; 1990 B001 Or.1</subfield>
    <subfield code="p">RUA004680</subfield>
    <subfield code="r">2015-09-06</subfield>
    <subfield code="w">2015-09-06</subfield>
    <subfield code="y">AGR</subfield>
  </datafield>
</record>
